[Event "GER-chT School WK 2"]
[Site "Playchess.com INT"]
[Date "2020.06.15"]
[Round "4.3"]
[White "Kreher, Marius"]
[Black "Tran, Mario"]
[Result "1-0"]
[WhiteElo "1620"]
[BlackElo "1629"]
[PlyCount "131"]
[EventDate "2020.06.08"]
[EventType "team-swiss (blitz)"]
[EventRounds "7"]
[EventCountry "GER"]
[SourceTitle "EXT 2021"]
[Source "ChessBase"]
[SourceDate "2020.10.23"]
[SourceVersion "1"]
[SourceVersionDate "2020.10.23"]
[SourceQuality "1"]
[WhiteTeam "Hohe Lessing Gymn"]
[BlackTeam "NDS W Raabe Gymn"]
[WhiteTeamCountry "GER"]
[BlackTeamCountry "GER"]

1. e4 e5 2. Nf3 Nc6 3. Bc4 Nf6 4. d3 Bd6 5. Bg5 0-0 6. 0-0 h6 7. Bh4 Qe7 8. Nc3 a6 9. Nd5 Qd8 10. Nxf6+ gxf6 11. c3 Be7 12. d4 d6 13. h3 Qd7 14. Re1 Qd8 15. Rb1 Bd7 16. Qd2 Kg7 17. b4 b5 18. Bd3 Rh8 19. d5 Nb8 20. c4 c6 21. Red1 Qc7 22. Bc2 bxc4 23. Qc3 a5 24. Qxc4 axb4 25. Bb3 Qb6 26. dxc6 Be6 27. Qc2 Nxc6 28. Bxe6 fxe6 29. Qb3 Kf7 30. Rdc1 Nd4 31. Nxd4 Qxd4 32. Rc4 Ra3 33. Rxd4 Rxb3 34. Rxb3 exd4 35. Rxb4 e5 36. a4 Ra8 37. f3 Bd8 38. Be1 Ba5 39. Rb7+ Ke6 40. Bf2 Bc3 41. Rh7 Rxa4 42. Rxh6 Ra1+ 43. Kh2 Ra2 44. Bh4 Kd7 45. Rxf6 Kc6 46. Rg6 Bb4 47. Be7 Rb2 48. Bg5 Ra2 49. Kg3 Ra7 50. h4 Rd7 51. h5 Rc7 52. h6 Rc8 53. h7 Rh8 54. Rg7 Bc3 55. Bf6 Kc5 56. Rc7+ Kb4 57. Bxh8 Kb3 58. Bf6 Kc2 59. h8Q Kd2 60. Rxc3 Kxc3 61. Qh6 Kb3 62. Bxe5 Kb2 63. Qxd6 Ka2 64. Qb4 Ka1 65. Bxd4+ Ka2 66. Qb2# 1-0